A Kenyan journey / (Record no. 1971)

000 -LEADER
fixed length control field 00630nam a22002295i 4500
001 - CONTROL NUMBER
control field 18616471
003 - CONTROL NUMBER IDENTIFIER
control field OSt
005 - DATE AND TIME OF LATEST TRANSACTION
control field 20150902130500.0
008 - FIXED-LENGTH DATA ELEMENTS--GENERAL INFORMATION
fixed length control field 150514s2014 ke a 000 0 eng
010 ## - LIBRARY OF CONGRESS CONTROL NUMBER
LC control number 2014321440
020 ## - INTERNATIONAL STANDARD BOOK NUMBER
International Standard Book Number 9789966081629
040 ## - CATALOGING SOURCE
Original cataloging agency DLC
Language of cataloging eng
Transcribing agency DLC
Description conventions rda
042 ## - AUTHENTICATION CODE
Authentication code lcode
-- pcc
050 ## - LIBRARY OF CONGRESS CALL NUMBER
Classification number DT 433 .A3N6 2014
100 1# - MAIN ENTRY--PERSONAL NAME
Personal name Nowrojee, Pheroze.
245 12 - TITLE STATEMENT
Title A Kenyan journey /
Statement of responsibility, etc Pheroze Nowrojee.
260 ## - PUBLICATION, DISTRIBUTION, ETC. (IMPRINT)
Place of publication, distribution, etc Nairobi
Name of publisher, distributor, etc TransAfrica Press
Date of publication, distribution, etc 2014
300 ## - PHYSICAL DESCRIPTION
Extent 178 pages :
Other physical details illustrations ;
Dimensions 21 cm
906 ## - LOCAL DATA ELEMENT F, LDF (RLIN)
a 0
b ibc
c origode
d 3
e ncip
f 20
g y-gencatlg
942 ## - ADDED ENTRY ELEMENTS (KOHA)
Source of classification or shelving scheme
Koha item type Book
Holdings
Withdrawn status Lost status Source of classification or shelving scheme Damaged status Not for loan Home library Current library Shelving location Date acquired Total Checkouts Full call number Barcode Date last seen Date checked out Copy number Price effective from Koha item type
          Riara University Library Riara University Library General stack 02/09/2015 1 DT 433 .A3N6 2014 6628/15 25/04/2025 11/04/2025 C.1 02/09/2015 Book

Riara University Library,
P.O. Box 49940-00100,
Nairobi, Kenya.